000 00871nam a2200265Ia 4500
003 OSt
005 20220923211713.0
006 a|||||r|||| 00| 0
007 ta
008 220922b |||||||| |||| 00| 0 guj d
024 _a43,244
037 _cTextual
040 _aARTS
_cARTS
_bguj
041 _2guj
_aguj
082 _aO156,1v, G2
100 _aधुृव, केशवलाल हर्षदराय
_9161341
245 0 _aपद्यरचनाना ऐतिहासिक आलोचना
246 _aPadyarachanānā aitihāsik ālochanā
260 _c1932
300 _a299पृ0
_ccm.
490 _aThakkar Vasanj Madhavji lectures
650 _aगुजराती साहित्य
942 _hO156,1v, G2
_cTEXL
_2CC
999 _c302747
_d302747